000
00258nam a2200109Ia 4500
999
_c
7880
_d
7880
020
_a
978-0072424348
100
_a
Rosen,Kenneth H.
245
0
_a
Discrete Mathematics and Its Applications
260
_a
USA
_b
Tata McGraw Hill
_c
2003
300
_a
787
942
_c
BK